000 01634nam a22002657a 4500
003 MN-UlLSGH
005 20260625154644.0
008 260625b mp a|||| id|| 00| 0 mon d
020 _a9789919046194
_qхатуу хавтастай
040 _cMN-ULPAL
041 1 _amon
_heng
084 _a67.71
_bС11
100 1 _aСасскинд, Ричард.
_eзохиогч
_916398
245 1 _aЦахим шүүх ба шүүх эрх мэдлийн ирээдүй /
_cОрчуулсан : С.Цэрэндолгор ; Ерөнхий редактор : Ц.Цогт
260 _c@2019
_c2025
300 _a390 хуудастай
_bиндекс, эшлэл зүүлт, нэмж унших материалын жагсаалттай
_c24 см
336 _2rdacontent
_atext
_btxt
337 _ardamedia
_bunmediated
338 _avolume
_brdacarrier
520 _aНомонд шүүхийн хүртээмжийг хангах хамгийн сайн арга зам нь цахим шүүх болох тухай зохиогч хөндөн 30 гаруй жил судалгаа хийн, хэрэг хянан шийдвэрлэх ажиллагаа технологийн хүчээр хэрхэн хувирч өөрчлөгдөхийг тооцоолж, шүүхэд хандах эрхийн асуудалд дэлхий даяар шийдэл болохуйц санал дэвшүүлжээ.
650 4 _aшүүх
700 0 _aЦэрэндолгор, Сайнтөрийн.
_eорчуулагч
_916399
700 0 _aЦогт, Цэндийн.
_eерөнхий редактор
_910363
942 _2ББК
_cBK
_n0
999 _c32436
_d32436